Isra-miraj dan percobaan manusia ke langit

Bibliographic Details
Main Author: Amaluddin Darus (Author)
Format: Book
Published: Kuala Lumpur : Pustaka Abad , 1980
Subjects:

MARC

LEADER 00000cam a2200000 7i4500
001 0000006760
005 20220116093000.0
008 021119s1980
090 0 0 |a BP166.57   |b .A42 
100 0 |a Amaluddin Darus ,   |e author 
245 1 0 |a Isra-miraj dan percobaan manusia ke langit   |c Amaluddin Darus 
260 2 |a Kuala Lumpur :   |b Pustaka Abad ,   |c 1980 
300 |a 104 p. ;   |c 18 cm. 
600 0 0 |a Muhammad ,   |c Prophet ,   |d d. 632   |x Isra' and Miraj 
650 0 |a Qur'an and science 
999 |a 1000006382   |b Book   |c OPEN SHELF (30 DAYS)   |e Gong Badak Campus